000 00625nam a22002417a 4500
003 UA-OsUOA
001 491
007 ta
008 20050602b un ||||| |||| 00| 0 ukr d
100 _aКостомаров Н.
090 _a821.161.1
_bК72
942 _cBK
040 _aUA-OsUOA
_brus
_cUA-OsUOA
_dUA-OsUOA
245 _aСын
_bповести
300 _a384 с.
955 _a3
041 _arus
080 _a821.161.1
260 _aК.
_bДніпро
_c1987
246 3 1 _aХолоп. Сорок лет
_n
650 7 _a82 Література. Літературознавство
_2UDC
999 _c286663
_d286663